[Event "España ch Individual Zona 1"]
[Site "Logroño ESP"]
[Date "2008.08.19"]
[Round "3.7"]
[White "Alvarez Fernandez, Enrique"]
[Black "Forcen Esteban, Daniel"]
[Result "1-0"]
[WhiteElo "2358"]
[BlackElo "2200"]
[PlyCount "55"]
[EventDate "18.08.20"]
[EventType "swiss"]
[EventCountry "ESP"]
[Source "lmi"]
[SourceDate "2008.08.18"]

1. d4 Nf6 2. Nf3 g6 3. Bf4 Bg7 4. e3 O-O 5. Be2 d6 6. O-O Nbd7 7. h3 Qe8 8. Bh2
e5 9. Nfd2 Qe7 10. c4 Ne8 11. Nb3 f5 12. Nc3 c6 13. Qd2 g5 14. f4 h6 15. Rae1
Nb6 16. c5 dxc5 17. dxe5 Be6 18. e4 fxe4 19. fxg5 Bd5 20. gxh6 Bxe5 21. Rxf8+
Kxf8 22. Bxe5 Qxe5 23. Qe3 c4 24. Nd2 Nd6 25. Bf3 Re8 26. Ndxe4 Nd7 27. h7 Kg7
28. Nxd6 1-0

[Event "España ch Individual Zona 1"]
[Site "Logroño ESP"]
[Date "2008.08.19"]
[Round "3.8"]
[White "Antolin Concha, Diego"]
[Black "Lamas Mercadal, Manuel"]
[Result "1-0"]
[WhiteElo "2115"]
[BlackElo "2214"]
[PlyCount "99"]
[EventDate "18.08.20"]
[EventType "swiss"]
[EventCountry "ESP"]
[Source "lmi"]
[SourceDate "2008.08.18"]

1. d4 Nf6 2. Nf3 g6 3. Bf4 Bg7 4. e3 O-O 5. h3 d6 6. Be2 Nbd7 7. O-O c6 8. c4
Qa5 9. Nc3 e5 10. Bh2 Re8 11. a3 exd4 12. Nxd4 d5 13. b4 Qd8 14. cxd5 Nxd5 15.
Nxd5 cxd5 16. Rc1 Ne5 17. Qd2 Bd7 18. Nb3 Be6 19. Bxe5 Bxe5 20. Bf3 Qf6 21. Nc5
Bxh3 22. Qxd5 Rad8 23. Qxb7 Bc8 24. Qxa7 Qh4 25. Rfd1 Bh2+ 26. Kf1 Bg4 27. Qb7
Be5 28. Qe4 f5 29. Qc4+ Kh8 30. Rxd8 Rxd8 31. Ke2 Bb2 32. Rc2 Bxf3+ 33. gxf3
Qxc4+ 34. Rxc4 Bxa3 35. Nd3 h5 36. Rc3 Ra8 37. Rb3 h4 38. f4 Kg7 39. Kf3 Kf6
40. b5 Bd6 41. b6 Rh8 42. Kg2 Ke6 43. b7 Kd5 44. Ne5 Bxe5 45. fxe5 Rb8 46. f4
g5 47. fxg5 Kxe5 48. Kh3 f4 49. exf4+ Kxf4 50. g6 1-0

[Event "España ch Individual Zona 1"]
[Site "Logroño ESP"]
[Date "2008.08.19"]
[Round "3.9"]
[White "Ojer Lora, Iker"]
[Black "Gonzalez Martinez, Miguel Angel"]
[Result "0-1"]
[WhiteElo "2102"]
[BlackElo "1927"]
[PlyCount "70"]
[EventDate "18.08.20"]
[EventType "swiss"]
[EventCountry "ESP"]
[Source "lmi"]
[SourceDate "2008.08.18"]

1. b3 e5 2. Bb2 Nc6 3. e3 Be7 4. Bb5 d6 5. Nf3 a6 6. Bxc6+ bxc6 7. d3 f5 8.
Nbd2 Nf6 9. O-O O-O 10. Qe2 c5 11. Rad1 Kh8 12. Nc4 Qe8 13. Rfe1 Qh5 14. Nfd2
Qg6 15. e4 f4 16. f3 Nh5 17. Nf1 Bh4 18. c3 Bxe1 19. Qxe1 Bh3 20. Qf2 Rae8 21.
d4 cxd4 22. cxd4 exd4 23. Bxd4 Qg5 24. Bc3 Nf6 25. Nb2 Nd7 26. Rd5 Ne5 27. Ra5
Bc8 28. Qe2 Bb7 29. Nc4 Re6 30. Nxe5 dxe5 31. Rc5 Rf7 32. Qc4 Rg6 33. Qe2 Re7
34. Bb2 h5 35. Rc2 h4 0-1

[Event "España ch Individual Zona 1"]
[Site "Logroño ESP"]
[Date "2008.08.19"]
[Round "3.10"]
[White "Esteban Romo, Francisco J"]
[Black "Lopez Gil, Diego"]
[Result "1/2-1/2"]
[WhiteElo "2084"]
[BlackElo "1750"]
[PlyCount "78"]
[EventDate "18.08.20"]
[EventType "swiss"]
[EventCountry "ESP"]
[Source "lmi"]
[SourceDate "2008.08.18"]

1. e4 c5 2. Nf3 d6 3. d4 cxd4 4. Nxd4 Nf6 5. Nc3 a6 6. Qf3 e6 7. h3 Qc7 8. g4
b5 9. Bg2 Bb7 10. a3 Be7 11. Qe2 Nc6 12. Be3 Na5 13. O-O Nc4 14. Bc1 O-O 15.
Qd3 Rfd8 16. Qg3 Qb6 17. Nde2 d5 18. exd5 Nxd5 19. Nxd5 Bxd5 20. Bxd5 Rxd5 21.
b3 Na5 22. Be3 Qc6 23. Rfc1 Bf6 24. c4 bxc4 25. bxc4 Rd3 26. Rab1 Nb3 27. Rd1
Rxd1+ 28. Rxd1 Qxc4 29. Qf3 Rc8 30. Ng3 Nd4 31. Qb7 Qc6 32. Qxc6 Nxc6 33. Ne4
Be7 34. a4 Ne5 35. Rb1 h6 36. Rb7 Ba3 37. Rb3 Be7 38. Rb7 Ba3 39. Rb3 Be7
1/2-1/2

[Event "España ch Individual Zona 1"]
[Site "Logroño ESP"]
[Date "2008.08.20"]
[Round "4.1"]
[White "Mascaro March, Pedro"]
[Black "Franco Alonso, Alejandro"]
[Result "1/2-1/2"]
[WhiteElo "2367"]
[BlackElo "2472"]
[PlyCount "36"]
[EventDate "18.08.20"]
[EventType "swiss"]
[EventCountry "ESP"]
[Source "lmi"]
[SourceDate "2008.08.18"]

1. d4 Nf6 2. c4 e6 3. Nf3 b6 4. Nc3 Bb4 5. Bg5 Bb7 6. e3 h6 7. Bh4 Bxc3+ 8.
bxc3 d6 9. Nd2 Nbd7 10. f3 O-O 11. Bd3 Qe8 12. O-O e5 13. e4 Nh5 14. Re1 Nf4
15. Bf1 f5 16. Bf2 fxe4 17. Nxe4 Qg6 18. Kh1 Rae8 1/2-1/2

[Event "España ch Individual Zona 1"]
[Site "Logroño ESP"]
[Date "2008.08.20"]
[Round "4.2"]
[White "Saldaño Dayer, Horacio"]
[Black "Garcia Castro, Pablo"]
[Result "1/2-1/2"]
[WhiteElo "2442"]
[BlackElo "2390"]
[PlyCount "98"]
[EventDate "18.08.20"]
[EventType "swiss"]
[EventCountry "ESP"]
[Source "lmi"]
[SourceDate "2008.08.18"]

1. Nf3 d6 2. d4 Nf6 3. g3 g6 4. Bg2 Bg7 5. O-O O-O 6. c4 a6 7. Nc3 c6 8. e4 Bg4
9. h3 Bxf3 10. Bxf3 e5 11. d5 b5 12. cxb5 cxd5 13. Nxd5 axb5 14. Bg5 Nc6 15. h4
Nd4 16. Bg4 Ra6 17. Qd3 Kh8 18. a4 h5 19. Bh3 Rxa4 20. Rxa4 bxa4 21. Rd1 Ne6
22. Bxf6 Bxf6 23. Bxe6 fxe6 24. Nc3 Be7 25. Nxa4 Qa5 26. Nc3 Kg7 27. Rd2 g5 28.
hxg5 Bxg5 29. Re2 Be7 30. Rd2 Rf6 31. Qe2 h4 32. Rd3 Rg6 33. Kg2 Qa1 34. Rd1
Qa8 35. g4 h3+ 36. Kh1 Qf8 37. Rd3 Qf4 38. Rxh3 Rxg4 39. Qxg4+ Qxg4 40. Rg3 Qg6
41. Rxg6+ Kxg6 42. Kg2 Kf7 43. b4 Ke8 44. b5 Kd7 45. Kf3 Bd8 46. Ke2 Ba5 47.
Na4 Kc7 48. Kd3 Be1 49. f3 Bf2 1/2-1/2

[Event "España ch Individual Zona 1"]
[Site "Logroño ESP"]
[Date "2008.08.20"]
[Round "4.3"]
[White "Lariño Nieto, David"]
[Black "Alvarez Fernandez, Enrique"]
[Result "1-0"]
[WhiteElo "2427"]
[BlackElo "2358"]
[PlyCount "67"]
[EventDate "18.08.20"]
[EventType "swiss"]
[EventCountry "ESP"]
[Source "lmi"]
[SourceDate "2008.08.18"]

1. e4 c5 2. Nc3 Nc6 3. g3 g6 4. Bg2 Bg7 5. d3 d6 6. f4 e5 7. Nh3 exf4 8. Bxf4
Nge7 9. O-O Ne5 10. Qd2 h6 11. Kh1 Be6 12. Be3 g5 13. Nd5 Qd7 14. Nf2 N7g6 15.
c3 O-O 16. b3 Bxd5 17. exd5 f5 18. d4 cxd4 19. cxd4 f4 20. gxf4 gxf4 21. dxe5
fxe3 22. Qxe3 Nxe5 23. Rad1 Qe7 24. Ne4 b6 25. Qh3 Rxf1+ 26. Rxf1 Rf8 27. Rd1
Re8 28. Rg1 Kh8 29. Ng3 Nd3 30. Qf5 Qe3 31. Rf1 Re5 32. Qc8+ Re8 33. Qd7 Bd4
34. Be4 1-0

[Event "España ch Individual Zona 1"]
[Site "Logroño ESP"]
[Date "2008.08.20"]
[Round "4.4"]
[White "Gonzalez Martinez, Miguel Angel"]
[Black "Beltran Rueda, Santiago"]
[Result "0-1"]
[WhiteElo "1927"]
[BlackElo "2436"]
[PlyCount "52"]
[EventDate "18.08.20"]
[EventType "swiss"]
[EventCountry "ESP"]
[Source "lmi"]
[SourceDate "2008.08.18"]

1. e4 c5 2. Nf3 d6 3. c3 Nf6 4. h3 g6 5. Bd3 Bg7 6. Bc2 O-O 7. O-O Nc6 8. d4 e5
9. Re1 exd4 10. cxd4 cxd4 11. Nxd4 Nxd4 12. Qxd4 Be6 13. Qb4 d5 14. e5 Nd7 15.
f4 Qh4 16. Bd2 Rfc8 17. f5 Qxb4 18. Bxb4 Rxc2 19. fxe6 fxe6 20. Bc3 Bf8 21. Bd4
Bc5 22. Bxc5 Nxc5 23. Nc3 Rxb2 24. Re2 Rb4 25. Rd2 Rf8 26. a3 Rc4 0-1

[Event "España ch Individual Zona 1"]
[Site "Logroño ESP"]
[Date "2008.08.20"]
[Round "4.5"]
[White "Blazquez Gomez, Jose Juis"]
[Black "Antolin Concha, Diego"]
[Result "1/2-1/2"]
[WhiteElo "2255"]
[BlackElo "2115"]
[PlyCount "100"]
[EventDate "18.08.20"]
[EventType "swiss"]
[EventCountry "ESP"]
[Source "lmi"]
[SourceDate "2008.08.18"]

1. d4 d5 2. Nf3 Nf6 3. g3 Bf5 4. Bg2 h6 5. O-O e6 6. c4 c6 7. Nc3 Nbd7 8. c5
Be7 9. b4 O-O 10. a4 b6 11. Bf4 Nh5 12. Ne5 Nxe5 13. Bxe5 Nf6 14. Re1 Nd7 15.
Bf4 a5 16. b5 g5 17. Bd6 bxc5 18. Bxe7 Qxe7 19. bxc6 cxd4 20. Qxd4 Nb8 21. e4
Nxc6 22. Qb6 dxe4 23. Nxe4 Rac8 24. Rac1 Bxe4 25. Bxe4 Nb4 26. Rxc8 Rxc8 27.
Qxa5 Qc5 28. Qxc5 Rxc5 29. Rb1 Na6 30. Bb7 Ra5 31. Bxa6 Rxa6 32. Ra1 Kf8 33.
Kf1 Ke7 34. Ke2 Kd6 35. Kd3 Kc5 36. Ke4 f6 37. h4 Kb4 38. Kf3 f5 39. hxg5 hxg5
40. g4 Ra5 41. gxf5 exf5 42. Ke3 Kc3 43. Rc1+ Kb3 44. Rg1 g4 45. Rb1+ Kc4 46.
Rb5 f4+ 47. Kxf4 Rxa4 48. Re5 Kd3+ 49. Kg3 Kd2 50. Re8 Kd3 1/2-1/2

[Event "España ch Individual Zona 1"]
[Site "Logroño ESP"]
[Date "2008.08.20"]
[Round "4.6"]
[White "Gomez Anadon, Daniel"]
[Black "Martinez Rioja, Jesus"]
[Result "1/2-1/2"]
[WhiteElo "2350"]
[BlackElo "1950"]
[PlyCount "58"]
[EventDate "18.08.20"]
[EventType "swiss"]
[EventCountry "ESP"]
[Source "lmi"]
[SourceDate "2008.08.18"]

1. Nf3 Nf6 2. c4 e6 3. g3 b6 4. Bg2 Bb7 5. O-O d6 6. Nc3 Nbd7 7. d4 Be7 8. Re1
O-O 9. e4 e5 10. b3 Re8 11. d5 a5 12. h3 Nc5 13. Qc2 Bc8 14. Be3 Rf8 15. a3 Nh5
16. b4 axb4 17. axb4 Rxa1 18. Rxa1 Na6 19. Ra4 Nb8 20. Ra8 Bd7 21. Qa2 Qc8 22.
Kh2 f5 23. exf5 Bxf5 24. g4 Bxg4 25. hxg4 Qxg4 26. Qe2 Nf6 27. Bh3 Qh5 28. Ng5
Qxe2 29. Nxe2 Nxd5 1/2-1/2

[Event "España ch Individual Zona 1"]
[Site "Logroño ESP"]
[Date "2008.08.20"]
[Round "4.7"]
[White "Moya Mallafre, Erik"]
[Black "Massanet Massanet, Sebastian"]
[Result "0-1"]
[WhiteElo "2041"]
[BlackElo "2296"]
[PlyCount "63"]
[EventDate "18.08.20"]
[EventType "swiss"]
[EventCountry "ESP"]
[Source "lmi"]
[SourceDate "2008.08.18"]

1. d4 Nf6 2. Nf3 e6 3. g3 d5 4. Bg2 Be7 5. O-O O-O 6. c4 dxc4 7. Qc2 a6 8. Qxc4
b5 9. Qc2 Bb7 10. Bg5 Nbd7 11. Nbd2 c5 12. dxc5 Nxc5 13. Bxf6 gxf6 14. Rfd1 Qb6
15. b4 Na4 16. Qb3 Bd5 17. Qa3 Rac8 18. Nb3 Rc4 19. Nfd2 Rxb4 20. Bxd5 exd5 21.
Qc1 Qe6 22. Nf3 Rc4 23. Qd2 Nc3 24. Nfd4 Qg4 25. f3 Qg6 26. Rdc1 Rfc8 27. Na5
Rxd4 28. Qe3 Bc5 29. Qxc3 Rc4+ 30. Kg2 Rxc3 31. Rxc3 b4 32. Nb3 0-1

[Event "España ch Individual Zona 1"]
[Site "Logroño ESP"]
[Date "2008.08.20"]
[Round "4.8"]
[White "Ocon Galilea, Francisco Jose"]
[Black "Chueca Forcen, Alberto"]
[Result "0-1"]
[WhiteElo "1947"]
[BlackElo "2254"]
[PlyCount "66"]
[EventDate "18.08.20"]
[EventType "swiss"]
[EventCountry "ESP"]
[Source "lmi"]
[SourceDate "2008.08.18"]

1. e4 e5 2. f4 d5 3. exd5 exf4 4. Nf3 Nf6 5. Bb5+ Bd7 6. Qe2+ Be7 7. d4 Nxd5 8.
Bxd7+ Nxd7 9. c4 Ne3 10. Bxe3 fxe3 11. Qxe3 O-O 12. O-O c5 13. d5 Re8 14. Nc3
Bf6 15. Qd3 Ne5 16. Nxe5 Bxe5 17. Qf5 f6 18. Rf3 Bd4+ 19. Kh1 Re5 20. Qd3 Qe7
21. Raf1 a6 22. Rh3 g6 23. Rg3 f5 24. Rgf3 Re8 25. a3 Re1 26. h3 Qh4 27. d6
Rxf1+ 28. Rxf1 Re3 29. Qxe3 Bxe3 30. d7 Qd8 31. Re1 f4 32. Nd5 Kf7 33. Rd1 Bd4
0-1

[Event "España ch Individual Zona 1"]
[Site "Logroño ESP"]
[Date "2008.08.20"]
[Round "4.9"]
[White "Serrano Bozada, Esteban"]
[Black "Miguelez Garcia, Erlantz"]
[Result "1-0"]
[WhiteElo "2212"]
[BlackElo "1836"]
[PlyCount "43"]
[EventDate "18.08.20"]
[EventType "swiss"]
[EventCountry "ESP"]
[Source "lmi"]
[SourceDate "2008.08.18"]

1. e4 c6 2. d4 d5 3. exd5 cxd5 4. c4 Nf6 5. Nc3 e6 6. Nf3 Be7 7. Bd3 O-O 8. O-O
dxc4 9. Bxc4 Nbd7 10. Re1 Nb6 11. Bb3 Bd7 12. Ne5 Bc6 13. Qd3 Nbd5 14. Bg5 Rc8
15. Rad1 Nb4 16. Qh3 Bd5 17. Nxd5 Nbxd5 18. Bxf6 Bxf6 19. Nxf7 Qa5 20. Nd6 Rcd8
21. Qxe6+ Kh8 22. Bxd5 1-0

[Event "España ch Individual Zona 1"]
[Site "Logroño ESP"]
[Date "2008.08.20"]
[Round "4.10"]
[White "Forcen Esteban, Daniel"]
[Black "Martin Hernandez, Jonas David"]
[Result "1-0"]
[WhiteElo "2200"]
[BlackElo "1940"]
[PlyCount "47"]
[EventDate "18.08.20"]
[EventType "swiss"]
[EventCountry "ESP"]
[Source "lmi"]
[SourceDate "2008.08.18"]

1. e4 d6 2. d4 Nf6 3. Nc3 g6 4. Bg5 Bg7 5. Qd2 h6 6. Bh4 g5 7. Bg3 Nh5 8. O-O-O
Nc6 9. Nge2 Bd7 10. Kb1 e6 11. Qe3 e5 12. dxe5 Nxg3 13. hxg3 Nxe5 14. f4 Ng4
15. Qf3 Nf6 16. e5 Bc6 17. exf6 Bxf3 18. fxg7 Rg8 19. gxf3 Rxg7 20. Rxh6 Kd7
21. Bh3+ Kc6 22. Nd4+ Kb6 23. Nd5+ Kc5 24. b4+ 1-0